Proceedings of the International Conference on Algebra dedicated to the memory of A.I. Mal'cev

Αποθηκεύτηκε σε:
Λεπτομέρειες βιβλιογραφικής εγγραφής
Συγγραφή απο Οργανισμό/Αρχή: International Conference on Algebra
Άλλοι συγγραφείς: Bokut, L. A. (Leonid Arkadevich) 1937- (Επιμελητής έκδοσης), Ershov, IUrii Leonidovich (Επιμελητής έκδοσης), Kostrikin, Aleksei Ivanovich (Επιμελητής έκδοσης), Mal'tsev, A. I. (Anatolii Ivanovich) 1909-1967
Μορφή: Βιβλίο
Γλώσσα:English
Δημοσίευση: Providence, R.I. : American Mathematical Society, c1992
Σειρά:Contemporary mathematics (American Mathematical Society) ; ; 131
Θέματα:
Ετικέτες: Προσθήκη ετικέτας
Δεν υπάρχουν, Καταχωρήστε ετικέτα πρώτοι!

MARC

LEADER 00000nam a2200000 i 4500
001 1/91466
008 991019s1992 eng d
020 |a 0-8218-5136-5 (1) 
020 |a 0-8218-5137-3 (2) 
020 |a 0-8218-5138-1 (3) 
035 |l 10053604 
040 |a GR-MY-UA  |b gre  |e aacr 
041 0 |a eng 
082 0 |a 512 
110 2 |a International Conference on Algebra. 
245 1 0 |a Proceedings of the International Conference on Algebra dedicated to the memory of A.I. Mal'cev /  |c L.A. Bokut, Yu L. Ershov, A.I. Kostrikin, editors 
260 |a Providence, R.I. :   |b American Mathematical Society,   |c c1992 
300 |a 3 v.;  |b ill.;  |c 26 cm. 
490 1 |a Contemporary mathematics  |v ; 131 
500 |a Conference held at Akademgorodok, Novosibirsk, USSR, Aug. 21-26, 1989. 
500 |a Includes bibliographical references 
650 0 0 |a Algebra  |x Congresses. 
700 1 |a Bokut, L. A.  |q (Leonid Arkadevich)  |d 1937-  |4 edt 
700 1 |a Ershov, IUrii Leonidovich.  |4 edt 
700 1 |a Kostrikin, Aleksei Ivanovich.  |4 edt 
700 1 |a Mal'tsev, A. I.  |q (Anatolii Ivanovich)  |d 1909-1967. 
830 0 |a Contemporary mathematics (American Mathematical Society) ;  |v ; 131 
852 |a INST  |b SAMOS  |e 19991019  |h 512 INT  |p 005300012502  |q 005300012502  |t BK  |y 0  |z v.1 
852 |a INST  |b SAMOS  |e 19991019  |h 512 INT  |p 005300012503  |q 005300012503  |t BK  |y 0  |z v.3 
852 |a INST  |b SAMOS  |e 19991019  |h 512 INT  |p 005300012507  |q 005300012507  |t BK  |y 0  |z v.2 
852 |a INST  |b SAMOS  |e 19991019  |h 512 INT  |p 005300012512  |q 005300012512  |t BK  |y 0  |z v.2 
852 |a INST  |b SAMOS  |e 19991019  |h 512 INT  |p 005300012513  |q 005300012513  |t BK  |y 0  |z v.3 
852 |a INST  |b SAMOS  |e 19991019  |h 512 INT  |p 005300012514  |q 005300012514  |t BK  |y 0  |z v.1 
852 |a INST  |b SAMOS  |e 19991019  |h 512 INT  |p 005300012502  |q 005300012502  |t BK  |v v.1:  |y 0  |z v.1 
852 |a INST  |b SAMOS  |e 19991019  |h 512 INT  |p 005300012503  |q 005300012503  |t BK  |v v.3:  |y 0  |z v.3 
852 |a INST  |b SAMOS  |e 19991019  |h 512 INT  |p 005300012507  |q 005300012507  |t BK  |v v.2:  |y 0  |z v.2 
852 |a INST  |b SAMOS  |e 19991019  |h 512 INT  |p 005300012512  |q 005300012512  |t BK  |v v.2:  |y 0  |z v.2 
852 |a INST  |b SAMOS  |e 19991019  |h 512 INT  |p 005300012513  |q 005300012513  |t BK  |v v.3:  |y 0  |z v.3 
852 |a INST  |b SAMOS  |e 19991019  |h 512 INT  |p 005300012514  |q 005300012514  |t BK  |v v.1:  |y 0  |z v.1 
853 |a INST  |b SAMOS  |h 512 INT 
901 |a BIBL3-1999-3 
909 |a Σ  |b 063247 
909 |a Σ  |b 063257 
909 |a Σ  |b 063248 
909 |a Σ  |b 063252 
909 |a Σ  |b 063258 
909 |a Σ  |b 063259 
922 |a 3ΕΛΗ  |b 199907  |c ΕΠΕΑΕΚ/ΜΑΘ  |d ΠΑΠΑΣΩΤΗΡΙΟΥ 
970 |a ΠΟΥΡΝΑΡΑΣ  |b ΔΗΜΗΤΡΗΣ  |z 1999/10/19